000 00379nam a2200133Ia 4500
008 220217s9999||||xx |||||||||||||| ||und||
020 _a0-7069-9436-1
082 _a512 KHA
100 _aKhanna, Vijay, K
245 0 _aLattices and boolean algebras: first concepts
260 _aVikas publishing house pvt. ltd.
_bNew Delhi
_c2000
300 _b75
650 _aMATHEMATICS
999 _c166221
_d166221